MARC details
| 000 -CABECERA |
| campo de control de longitud fija |
01301nam a2200313 a 4500 |
| 001 - NÚMERO DE CONTROL |
| campo de control |
000020084 |
| 003 - IDENTIFICADOR DEL NÚMERO DE CONTROL |
| campo de control |
OSt |
| 005 - FECHA Y HORA DE LA ÚLTIMA TRANSACCIÓN |
| campo de control |
20201126092618.0 |
| 008 - DATOS DE LONGITUD FIJA--INFORMACIÓN GENERAL |
| campo de control de longitud fija |
100720s2007 dr ad r 000 0 spa d |
| 040 ## - FUENTE DE LA CATALOGACIÓN |
| Centro catalogador/agencia de origen |
DO-SdBNP |
| Lengua de catalogación |
spa |
| Centro/agencia transcriptor |
BNPHU |
| 082 ## - NÚMERO DE LA CLASIFICACIÓN DECIMAL DEWEY |
| Número de clasificación |
378.007 |
| Número de documento/Ítem |
D542h |
| 100 1# - ENTRADA PRINCIPAL--NOMBRE DE PERSONA |
| Nombre de persona |
Díaz Esteve, José Vicente |
| 9 (RLIN) |
77431 |
| 245 10 - MENCIÓN DE TÍTULO |
| Título |
Hacia la evaluación de la inteligencia académica del estudiante dominicano : |
| Resto del título |
síntesis de estudios realizados con el test IAUD desde el 2002-2006 / |
| Mención de responsabilidad, etc. |
José Vicente Díaz Esteve ; presentación Ligia Amada Melo de Cardona. |
| 260 ## - PUBLICACIÓN, DISTRIBUCIÓN, ETC. |
| Lugar de publicación, distribución, etc. |
Santo Domingo : |
| Nombre del editor, distribuidor, etc. |
SEESCyT, |
| Fecha de publicación, distribución, etc. |
2007. |
| 300 ## - DESCRIPCIÓN FÍSICA |
| Extensión |
360 p. : |
| Otras características físicas |
il., gráfcs., tablas ; |
| Dimensiones |
24 cm. |
| 490 1# - MENCIÓN DE SERIE |
| Mención de serie |
Humanidades |
| 490 1# - MENCIÓN DE SERIE |
| Mención de serie |
Investigaciones |
| Designación de volumen o secuencia |
3 |
| 590 ## - NOTA LOCAL (RLIN) |
| Nota local |
Inventariado, 2018/BT |
| 650 #4 - PUNTO DE ACCESO ADICIONAL DE MATERIA--TÉRMINO DE MATERIA |
| Término de materia o nombre geográfico como elemento de entrada |
Educación |
| Subdivisión general |
Métodos experimentales |
| 9 (RLIN) |
34222 |
| 650 #4 - PUNTO DE ACCESO ADICIONAL DE MATERIA--TÉRMINO DE MATERIA |
| Término de materia o nombre geográfico como elemento de entrada |
Pruebas de inteligencia |
| 9 (RLIN) |
42663 |
| 650 #4 - PUNTO DE ACCESO ADICIONAL DE MATERIA--TÉRMINO DE MATERIA |
| Término de materia o nombre geográfico como elemento de entrada |
Mediciones y pruebas educativas |
| 9 (RLIN) |
2223 |
| 651 #4 - PUNTO DE ACCESO ADICIONAL DE MATERIA--NOMBRE GEOGRÁFICO |
| Nombre geográfico |
Educación Superior |
| Subdivisión geográfica |
República Dominicana |
| 9 (RLIN) |
42664 |
| 700 1# - PUNTO DE ACCESO ADICIONAL--NOMBRE DE PERSONA |
| Nombre de persona |
Melo de Cardona, Ligia Amada, |
| Término indicativo de función/relación |
present. |
| 9 (RLIN) |
27174 |
| 710 2# - PUNTO DE ACCESO ADICIONAL--NOMBRE DE ENTIDAD CORPORATIVA |
| Nombre de entidad corporativa o nombre de jurisdicción como elemento de entrada |
Secretaria de Educación Superior, Ciencia y Tecnología |
| 9 (RLIN) |
42665 |
| 710 2# - PUNTO DE ACCESO ADICIONAL--NOMBRE DE ENTIDAD CORPORATIVA |
| Nombre de entidad corporativa o nombre de jurisdicción como elemento de entrada |
Secretaría de Estado de Educación |
| 9 (RLIN) |
12759 |
| 830 #0 - PUNTO DE ACCESO ADICIONAL DE SERIE-TÍTULO UNIFORME |
| Título uniforme |
Humanidades |
| Nombre de parte o sección de la obra |
Inventigaciones; 3 |
| 9 (RLIN) |
42666 |
| 910 ## - DATOS DE OPCIÓN DEL USUARIO (OCLC) |
| Datos de opción del usuario |
Validado. Control de calidad. EMS |
| 942 ## - ELEMENTOS DE PUNTO DE ACCESO ADICIONAL (KOHA) |
| Fuente del sistema de clasificación o colocación |
Dewey Decimal Classification |
| Tipo de ítem Koha |
Libro |